| 000 | 01247cam a22003617a 4500 | ||
|---|---|---|---|
| 005 | 20220329141208.0 | ||
| 008 | 971010s1971 r 00010 d | ||
| 010 | _a64179 | ||
| 011 | _a65151 | ||
| 035 | _a71403 | ||
| 090 | _aTesis | ||
| 100 | 0 | 0 |
_aArteaga Sandoval, Eloy. _97729 |
| 245 | 0 | _aContenido de fierro, mangnesio, zinc y cobre en algunos suelos del Delta del Río Fuerte | |
| 260 |
_aChapingo, Méx. : _bEl autor, _c1971 |
||
| 300 |
_a70 h. _b: gráfs. |
||
| 500 | _aFotocopia | ||
| 502 | _aTesis (Ing. Agr. Esp. en Suelos) -- ENA. Departamento de Suelos | ||
| 590 |
_aALEPH _b10 _c20130110 _lUCH01 _h1350 |
||
| 590 |
_aBATCH-UPD _b10 _c20130110 _lUCH01 _h0041 |
||
| 590 |
_aBATCH-UPD _b10 _c20130110 _lUCH01 _h0523 |
||
| 590 |
_aBATCH-UPD _b10 _c20130409 _lUCH01 _h2026 |
||
| 590 |
_aBATCH-UPD _b10 _c20130914 _lUCH01 _h0413 |
||
| 590 |
_aCONVERSION _b10 _c20130109 _lUCH01 _h1335 |
||
| 650 | 1 | 4 |
_aRío Fuerte. _999113 |
| 650 | 1 | 4 |
_aSuelos _xCobre en. _9110274 |
| 650 | 1 | 4 |
_aSuelos _xElementos minerales. _9110356 |
| 650 | 1 | 4 |
_aSuelos _xHierro en. _9110387 |
| 650 | 1 | 4 |
_aSuelos _xManganeso en. _9110425 |
| 650 | 1 | 4 |
_aSuelos _xSinaloa. _9110481 |
| 650 | 1 | 4 |
_aSuelos _xZinc en. _9110515 |
| 901 | _aBK | ||
| 949 |
_bS _cTES _d-4024 _eTS1 _i71403 _si |
||
| 999 |
_c64179 _d64179 |
||